000 01135nam a2200241 i 4500
001 86318
003 ES-MaACL
005 20230906175423.0
007 t|
008 041227s2000 sp ||||1| spa d
080 _a940.1
245 0 0 _aCarlomagno [
_hRecurso electrónico].
260 _a[Madrid] :
_bDolmen,
_c[2000]
300 _a1 disco compacto (CD-ROM) :
_bson., col. ;
_c12 cm.
490 1 _aLa historia y sus protagonistas ;
_v4
500 _aRequerimientos del sistema: Procesador Pentium 200 MMX o superior, Memoria RAM 32 Mb o más, Espacio libre en disco duro de 10 Mb o más, Windows 95 o posterior, Tarjeta gráfica 2 Mb, Lector de CD-ROM 16X o superior, Tarjeta de sonido con capacidad de sonido digitalizado y MIDI.
505 8 _aContiene: Alta Edad Media: desde la caída del Imperio Romano Occidental (476) hasta el siglo XI, incluyendo la historia de Europa, Bizancio y el Islam
600 1 4 _aCarlomagno
_cEmperador-
_vCD-ROM.
_935289
651 _aEuropa-
_xHistoria-
_y0476-1492.
_9160435
830 0 _aLa historia y sus protagonistas ;
_v4
_9183979
852 _aES-MaACL
_jROT 1/4/10
999 _c86318
_d86318